Statistics for Ben McKenzie Filmography

Click here to take the quiz!

General Stats

  • This quiz has been taken 9 times
    (2 since last reset)
  • The average score is 5 of 32

Answer Stats

TypeYearName% Correct
TV Show2014-2019Gotham
100%
TV Show2003-2007The O.C.
100%
Film2011Batman: Year One
50%
FilmTBABloat
50%
TV Show2011Scooby-Doo! Mystery Incorporated
50%
TV Show2009-2013Southland
50%
TV ShowTBAThe Hurt Unit
50%
Theater201110 x 25 Series A
0%
Film200788 Minutes
0%
Film2012Adventures in the Sin Bin
0%
Film2012Decoding Annie Parker
0%
Documentary2008Every Monday Matters
0%
Film2013Goodbye World
0%
Web Series2016Gotham Stories
0%
Theater2019-2020Grand Horizons
0%
Film2022I Want You Back
0%
TV Show2003JAG
0%
Film2008Johnny Got His Gun
0%
Short Film2014Judy Greer Is the Best Friend
0%
Film2005Junebug
0%
Film2019Line of Duty
0%
TV Show2004MADtv
0%
TV Show2013Men at Work
0%
Film2014Some Kind of Beautiful
0%
Theater2001Street Scene
0%
TV Film2013The Advocates
0%
Short Film2011The Blisters: How Three Became Four
0%
Theater2001The Blue Bird
0%
TV Show2002The District
0%
Short Film2009The Eight Percent
0%
Theater2010The Glass Menagerie
0%
Film2019The Report
0%

Score Distribution

Percentile by Number Answered

Percent of People with Each Score

Your Score History

You have not taken this quiz since the last reset